[Event "Darch mem."]
[Site "Toronto CAN"]
[Date "2013.12.07"]
[Round "3"]
[White "Solis, Jaime"]
[Black "Pishdad, Hassan"]
[Result "1-0"]
[WhiteElo "1755"]
[BlackElo "1117"]
[PlyCount "74"]
[GameId "2160767909208222"]
[EventDate "2013.12.06"]
[EventType "tourn"]
[EventRounds "5"]
[EventCountry "CAN"]

1. e4 c5 2. Nf3 e6 3. d4 cxd4 4. Nxd4 Nc6 5. Nc3 Bb4 6. Ndb5 Nf6 7. Nd6+ Bxd6 8. Qxd6 Qe7 9. Qxe7+ Nxe7 10. Be2 d5 11. exd5 Nfxd5 12. Bd2 Bd7 13. O-O O-O 14. a3 Bc6 15. Rfd1 Nxc3 16. Bxc3 Nd5 17. Bd2 h6 18. f3 Rad8 19. Kf2 e5 20. c4 Nb6 21. b3 Nd7 22. Be3 a6 23. b4 b5 24. Rd6 Nb8 25. Rad1 Rxd6 26. Rxd6 Re8 27. cxb5 axb5 28. Ba7 Ba8 29. Bxb5 Rc8 30. Bc5 e4 31. a4 Bc6 32. Bxc6 Nxc6 33. fxe4 Ne5 34. h3 f6 35. a5 Nc6 36. a6 Ne5 37. a7 Nc4 1-0

[Event "Darch mem."]
[Site "Toronto CAN"]
[Date "2013.12.08"]
[Round "4"]
[White "Pishdad, Hassan"]
[Black "Cabioc, Jose"]
[Result "0-1"]
[WhiteElo "1117"]
[BlackElo "1500"]
[PlyCount "48"]
[GameId "2160767909208223"]
[EventDate "2013.12.06"]
[EventType "tourn"]
[EventRounds "5"]
[EventCountry "CAN"]

1. d4 d5 2. c4 c6 3. cxd5 cxd5 4. Nc3 Nf6 5. Bf4 e6 6. a3 Nc6 7. e3 a6 8. Bd3 Bd6 9. Bxd6 Qxd6 10. Nge2 O-O 11. O-O b5 12. b4 Bb7 13. f4 Ng4 14. Rf3 f6 15. h3 Nh6 16. Qc2 e5 17. Bxh7+ Kh8 18. fxe5 fxe5 19. Raf1 Rxf3 20. Rxf3 e4 21. Bxe4 dxe4 22. Qxe4 Re8 23. Qd3 Ne5 24. Qe4 Nxf3+ 0-1

[Event "Darch mem."]
[Site "Toronto CAN"]
[Date "2013.12.08"]
[Round "5"]
[White "Gillis, Doug"]
[Black "Pishdad, Hassan"]
[Result "1-0"]
[WhiteElo "1466"]
[BlackElo "1117"]
[PlyCount "76"]
[GameId "2160767909208224"]
[EventDate "2013.12.06"]
[EventType "tourn"]
[EventRounds "5"]
[EventCountry "CAN"]

1. d4 Nf6 2. Nc3 e6 3. Bg5 d5 4. e4 Be7 5. e5 Nfd7 6. Bxe7 Qxe7 7. f4 f5 8. exf6 Qxf6 9. Qd2 O-O 10. Nh3 Nc6 11. O-O-O Nb6 12. Be2 Bd7 13. Rhf1 Rae8 14. Kb1 a5 15. a3 Ra8 16. Bd3 g6 17. Bb5 a4 18. g3 Qf5 19. Ng5 h6 20. Nf3 Kh7 21. Nh4 Qf6 22. Bd3 Be8 23. Qe3 Kg7 24. Nb5 Qe7 25. Rde1 Rf6 26. Qe2 Qd7 27. Qg4 Bf7 28. Nf3 Rf8 29. Ne5 Qe7 30. Nc3 Nxd4 31. Qh4 Qd8 32. Ng4 Nf5 33. Bxf5 gxf5 34. Qxf6+ Qxf6 35. Nxf6 Kxf6 36. Nb5 Nc4 37. Rf2 c6 38. Nd4 Ne5 1-0

[Event "Eastern Ontario op U1600"]
[Site "Ottawa CAN"]
[Date "2013.06.22"]
[Round "4"]
[White "Kellar, Ben"]
[Black "Lukezich, John"]
[Result "1-0"]
[WhiteElo "1341"]
[BlackElo "1375"]
[PlyCount "89"]
[GameId "2160767909339309"]
[EventDate "2013.06.21"]
[EventType "swiss"]
[EventRounds "5"]
[EventCountry "CAN"]

1. Nf3 Nf6 2. d4 e6 3. c4 Bb4+ 4. Nc3 Ne4 5. Bd2 Qe7 6. Nxe4 Bxd2+ 7. Qxd2 h6 8. Nc3 O-O 9. e3 b6 10. Bd3 d6 11. O-O Nd7 12. e4 Bb7 13. d5 e5 14. Ne1 f6 15. f4 a6 16. Rf3 Kf7 17. fxe5 Nxe5 18. Rf2 g5 19. Nc2 Ke8 20. Nd4 Bc8 21. Nf5 Bxf5 22. Rxf5 Kd7 23. b4 h5 24. Be2 Rh8 25. Raf1 Raf8 26. Qd4 Rh6 27. Na4 Ng4 28. Bxg4 hxg4 29. g3 Rfh8 30. R1f2 Qh7 31. Qb2 Rh3 32. Rg2 Qe7 33. Qe2 Re8 34. Qxg4 Kd8 35. Nc3 Rh6 36. h4 Rg8 37. hxg5 Qh7 38. Kf2 Rhg6 39. Qh4 Qg7 40. gxf6 Qf8 41. f7+ Kc8 42. fxg8=Q Qxg8 43. Qe7 Kb7 44. Rf7 Qc8 45. Rh2 1-0

[Event "Eastern Ontario op U1600"]
[Site "Ottawa CAN"]
[Date "2013.06.23"]
[Round "5"]
[White "Eyre, Keven"]
[Black "Kellar, Ben"]
[Result "0-1"]
[WhiteElo "1529"]
[BlackElo "1341"]
[PlyCount "77"]
[GameId "2160767909339310"]
[EventDate "2013.06.21"]
[EventType "swiss"]
[EventRounds "5"]
[EventCountry "CAN"]

1. e4 e5 2. Nf3 Nc6 3. Bb5 Nge7 4. c3 d5 5. Qe2 Bg4 6. exd5 Qxd5 7. Qxe5 Bxf3 8. Bxc6+ bxc6 9. Qxd5 Bxd5 10. O-O O-O-O 11. d4 Ng6 12. Be3 f5 13. f3 f4 14. Bf2 Bd6 15. Nd2 Be6 16. Ne4 Bc4 17. Rfc1 Bd3 18. Ng5 Rd7 19. c4 h6 20. Ne4 Re8 21. Nc3 Bxc4 22. b3 Bb5 23. Nxb5 cxb5 24. Rc6 Kb7 25. Rac1 Re2 26. Kf1 Rxa2 27. Be1 Re7 28. R6c2 Rxc2 29. Rxc2 Re3 30. Bc3 Nf8 31. Kf2 Re6 32. g3 g5 33. g4 Nd7 34. Ba5 c5 35. dxc5 Bxc5+ 36. Kg2 Bb6 37. Bb4 Be3 38. Ba5 Rc6 39. Ra2 0-1

[Event "Eastern Ontario op U1900"]
[Site "Ottawa CAN"]
[Date "2013.06.22"]
[Round "2"]
[White "Danilov, Alex"]
[Black "Guo, Richard"]
[Result "1-0"]
[WhiteElo "1693"]
[BlackElo "1700"]
[PlyCount "76"]
[GameId "2160767909339311"]
[EventDate "2013.06.21"]
[EventType "swiss"]
[EventRounds "5"]
[EventCountry "CAN"]

1. c4 Nf6 2. g3 g6 3. Bg2 Bg7 4. Nc3 Nc6 5. Nf3 d6 6. d3 Bd7 7. O-O Qc8 8. Re1 Bh3 9. Nd5 Nxd5 10. cxd5 Bxg2 11. Kxg2 Ne5 12. Nxe5 Bxe5 13. d4 Bg7 14. e4 h5 15. e5 h4 16. e6 f6 17. Qg4 h3+ 18. Kf1 g5 19. Qf5 Rh6 20. Bxg5 b6 21. Bxh6 Qa6+ 22. Re2 O-O-O 23. Bxg7 Qc4 24. Bxf6 Rf8 25. Qh5 Rxf6 26. Qe8+ Kb7 27. Qc6+ Qxc6 28. dxc6+ Kxc6 29. f4 Kd5 30. b4 c6 31. a4 Kxd4 32. Rd1+ Kc4 33. Re4+ Kc3 34. Ke2 Rf5 35. Rd3+ Kb2 36. Ke1 Kc2 37. Rd2+ Kb3 38. Rxd6 Re5 1-0

[Event "Eastern Ontario op U1900"]
[Site "Ottawa CAN"]
[Date "2013.06.22"]
[Round "3"]
[White "Langer, Herb"]
[Black "Danilov, Alex"]
[Result "0-1"]
[WhiteElo "1746"]
[BlackElo "1693"]
[PlyCount "98"]
[GameId "2160767909339312"]
[EventDate "2013.06.21"]
[EventType "swiss"]
[EventRounds "5"]
[EventCountry "CAN"]

1. d4 Nf6 2. Nf3 e6 3. c4 b6 4. Nc3 Bb7 5. e3 Be7 6. Bd3 O-O 7. Qc2 d5 8. cxd5 exd5 9. O-O c5 10. Bd2 Nbd7 11. Rad1 Rc8 12. Qb1 Re8 13. Ne5 Nf8 14. Bb5 N6d7 15. Qf5 Nxe5 16. Bxe8 Qxe8 17. Qxe5 Ng6 18. Qf5 Rd8 19. Bc1 Nh4 20. Qh5 g6 21. Qe2 Rd6 22. dxc5 bxc5 23. Qb5 Qc8 24. Qa4 Nxg2 25. Nxd5 Rxd5 26. Rxd5 Bxd5 27. e4 Bc6 28. Qc2 Qg4 29. f3 Ne3+ 30. fxg4 Nxc2 31. e5 c4 32. h3 Bc5+ 33. Kh2 Bd4 34. Bf4 Bxb2 35. Rb1 Bd4 36. Bh6 Bxe5+ 37. Kg1 c3 38. Rd1 Bd4+ 39. Kh2 Be5+ 40. Kg1 Nd4 41. Kf2 c2 42. Rd3 f5 43. gxf5 gxf5 44. Bc1 Be4 45. Ra3 Nb5 46. Ra5 Bd4+ 47. Kg3 Bd3 48. a4 Nc3 49. Kf3 Be4+ 0-1

[Event "Eastern Ontario op U1900"]
[Site "Ottawa CAN"]
[Date "2013.06.23"]
[Round "5"]
[White "Langer, Herb"]
[Black "Barlow Wilkes, Curtis"]
[Result "0-1"]
[WhiteElo "1746"]
[BlackElo "1743"]
[PlyCount "46"]
[GameId "2160767909339313"]
[EventDate "2013.06.21"]
[EventType "swiss"]
[EventRounds "5"]
[EventCountry "CAN"]

1. c4 c6 2. Nc3 d5 3. cxd5 cxd5 4. d4 Nc6 5. Nf3 e6 6. e3 Bd6 7. Bd3 f5 8. a3 Nf6 9. h3 Ne4 10. Qc2 O-O 11. O-O Kh8 12. Bd2 g5 13. Be1 Qf6 14. Nh2 Qh6 15. Ne2 g4 16. Bxe4 dxe4 17. Ng3 gxh3 18. Bc3 Ne7 19. d5+ e5 20. Rad1 Bd7 21. Qe2 Rg8 22. Rfe1 Rg6 23. f4 Rxg3 0-1

[Event "Eastern Ontario op U1900"]
[Site "Ottawa CAN"]
[Date "2013.06.23"]
[Round "5"]
[White "Wu, Stanley"]
[Black "Danilov, Alex"]
[Result "1-0"]
[WhiteElo "1582"]
[BlackElo "1693"]
[PlyCount "81"]
[GameId "2160767909339314"]
[EventDate "2013.06.21"]
[EventType "swiss"]
[EventRounds "5"]
[EventCountry "CAN"]

1. e4 c5 2. Nf3 e6 3. d3 Nc6 4. g3 d5 5. Qe2 Nge7 6. Bg2 h6 7. h4 b6 8. c4 dxc4 9. dxc4 g6 10. O-O Bg7 11. Rd1 Qc7 12. Bf4 e5 13. Bd2 O-O 14. Nc3 Bg4 15. Nb5 Qb8 16. Bc3 a6 17. Na3 Nd4 18. Bxd4 exd4 19. Nc2 Nc6 20. Nce1 Ne5 21. Rac1 Ra7 22. Nd3 Re7 23. Re1 Rfe8 24. Ndxe5 Rxe5 25. Qd3 R5e7 26. Kh2 Bc8 27. Ng1 f5 28. Rc2 Bb7 29. Rce2 Qa8 30. f3 fxe4 31. fxe4 Qd8 32. e5 Bxg2 33. Kxg2 Qa8+ 34. Kh2 Qc6 35. Nf3 Rf8 36. Kg2 b5 37. b3 Re6 38. Re4 Qe8 39. b4 bxc4 40. Qxc4 cxb4 41. Nxd4 1-0

[Event "Edmonton-A"]
[Site "Edmonton CAN"]
[Date "2013.06.23"]
[Round "1"]
[White "Doroshenko, Maxim"]
[Black "Perez Garcia, Rodney Oscar"]
[Result "0-1"]
[WhiteElo "2336"]
[BlackElo "2364"]
[PlyCount "64"]
[GameId "2160767909339237"]
[EventDate "2013.06.22"]
[EventType "tourn"]
[EventRounds "9"]
[EventCountry "CAN"]
[EventCategory "8"]
[SourceTitle "CBM 155 Extra"]
[Source "ChessBase"]
[SourceDate "2013.08.26"]
[SourceVersion "1"]
[SourceVersionDate "2013.08.26"]
[SourceQuality "1"]

1. d4 d5 2. c4 c6 3. Nf3 Nf6 4. e3 e6 5. Bd3 Nbd7 6. b3 Bb4+ 7. Bd2 Bd6 8. Nc3 O-O 9. O-O h6 10. Rc1 Re8 11. Qc2 a6 12. e4 dxc4 13. Bxc4 e5 14. d5 cxd5 15. Bxd5 Nb6 16. Qd3 Ba3 17. Rce1 Bg4 18. h3 Bh5 19. Nb1 Bf8 20. Ba5 Nfxd5 21. exd5 Qxd5 22. Qxd5 Nxd5 23. g4 Bg6 24. Rxe5 Nf4 25. h4 Bd3 26. Rfe1 Rec8 27. Nbd2 Bd6 28. R5e3 Bc5 29. Re5 f6 30. Re7 b6 31. R7e4 Bxe4 32. Rxe4 Nd3 0-1

[Event "Edmonton-A"]
[Site "Edmonton CAN"]
[Date "2013.06.26"]
[Round "4"]
[White "Perez Garcia, Rodney Oscar"]
[Black "Bruzon Batista, Lazaro"]
[Result "1/2-1/2"]
[WhiteElo "2364"]
[BlackElo "2687"]
[PlyCount "83"]
[GameId "2160767909339254"]
[EventDate "2013.06.22"]
[EventType "tourn"]
[EventRounds "9"]
[EventCountry "CAN"]
[EventCategory "8"]
[SourceTitle "CBM 155 Extra"]
[Source "ChessBase"]
[SourceDate "2013.08.26"]
[SourceVersion "1"]
[SourceVersionDate "2013.08.26"]
[SourceQuality "1"]

1. e4 e6 2. d4 d5 3. Nc3 Bb4 4. Nge2 Nc6 5. a3 Ba5 6. e5 Bd7 7. g3 f6 8. f4 Nh6 9. Be3 O-O 10. Qd2 Kh8 11. Bg2 Bb6 12. O-O Ng4 13. h3 Nxe3 14. Qxe3 Ne7 15. b4 a5 16. Kh2 Nf5 17. Qd2 axb4 18. axb4 Rxa1 19. Rxa1 Qe7 20. Nd1 g5 21. exf6 Qxf6 22. fxg5 Qg7 23. c3 e5 24. Bxd5 exd4 25. cxd4 Bb5 26. Ra3 Qe7 27. Bf3 Nd6 28. Re3 Qxg5 29. Qc2 Nf5 30. Ra3 Re8 31. Be4 c6 32. Rf3 Nxd4 33. Nxd4 Bxd4 34. Rf5 Qe7 35. Nf2 Qxb4 36. Rf7 Re7 37. Qa2 Rxf7 38. Qxf7 Bg7 39. Qf5 Kg8 40. Qe6+ Kh8 41. Qf5 Kg8 42. Qe6+ 1/2-1/2

[Event "Edmonton-A"]
[Site "Edmonton CAN"]
[Date "2013.06.28"]
[Round "6"]
[White "Doroshenko, Maxim"]
[Black "Gardner, Robert"]
[Result "1/2-1/2"]
[WhiteElo "2336"]
[BlackElo "2213"]
[PlyCount "85"]
[GameId "2160767909339262"]
[EventDate "2013.06.22"]
[EventType "tourn"]
[EventRounds "9"]
[EventCountry "CAN"]
[EventCategory "8"]
[SourceTitle "CBM 155 Extra"]
[Source "ChessBase"]
[SourceDate "2013.08.26"]
[SourceVersion "1"]
[SourceVersionDate "2013.08.26"]
[SourceQuality "1"]

1. e4 d6 2. d4 Nf6 3. Bd3 Nbd7 4. Nf3 e5 5. c3 Be7 6. O-O O-O 7. Re1 Re8 8. Nbd2 c5 9. dxe5 Nxe5 10. Nxe5 dxe5 11. Bb5 Bd7 12. Qe2 Bxb5 13. Qxb5 Qc7 14. a4 Red8 15. h3 Rd7 16. Nc4 Rad8 17. Bg5 Ne8 18. Bxe7 Rxe7 19. Rad1 Nd6 20. Nxd6 Rxd6 21. Rd5 Rxd5 22. exd5 a6 23. Qc4 Qd6 24. b3 f5 25. a5 e4 26. Re3 Rd7 27. f3 Qxd5 28. Qxd5+ Rxd5 29. fxe4 Re5 30. Rd3 fxe4 31. Rd7 e3 32. Kf1 e2+ 33. Ke1 Re3 34. Rxb7 Rxc3 35. Rb6 Rc2 36. Rxa6 Ra2 37. Ra7 h5 38. h4 Kh7 39. a6 Kg6 40. Rc7 Rxa6 41. Kxe2 Rb6 42. Rxc5 Rxb3 43. Rg5+ 1/2-1/2

[Event "Edmonton-A"]
[Site "Edmonton CAN"]
[Date "2013.07.01"]
[Round "9"]
[White "Bruzon Batista, Lazaro"]
[Black "Gardner, Robert"]
[Result "1/2-1/2"]
[WhiteElo "2687"]
[BlackElo "2213"]
[PlyCount "90"]
[GameId "2160767909339277"]
[EventDate "2013.06.22"]
[EventType "tourn"]
[EventRounds "9"]
[EventCountry "CAN"]
[EventCategory "8"]
[SourceTitle "CBM 155 Extra"]
[Source "ChessBase"]
[SourceDate "2013.08.26"]
[SourceVersion "1"]
[SourceVersionDate "2013.08.26"]
[SourceQuality "1"]

1. e4 d6 2. d4 Nf6 3. f3 e5 4. d5 Be7 5. c4 O-O 6. Nc3 Ne8 7. Be3 Bg5 8. Bf2 f5 9. h4 Be7 10. exf5 Bxf5 11. Bd3 a5 12. Nge2 Nd7 13. Ne4 Nc5 14. Bxc5 dxc5 15. Qc2 Bxe4 16. Bxe4 h6 17. g3 Nd6 18. a4 Ra6 19. Ra3 Rb6 20. Re3 Nxe4 21. fxe4 Rbf6 22. Nc3 Qd7 23. Qe2 R8f7 24. Rh2 Qe8 25. Kd2 Rf1 26. Kc2 R7f6 27. Rd3 Qf7 28. Qg4 Qe8 29. Rhd2 h5 30. Qe2 Qf7 31. Qg2 Bf8 32. Qh3 g6 33. Rd1 R1f2+ 34. R3d2 Rb6 35. Qc8 Kh7 36. Kb1 Rb4 37. Qh3 Bh6 38. Re2 Qf3 39. Qd7+ Bg7 40. Rc2 Rf1 41. Rxf1 Qxf1+ 42. Rc1 Qd3+ 43. Rc2 Qf1+ 44. Rc1 Qd3+ 45. Rc2 Qf1+ 1/2-1/2

[Event "Elite-ch POM"]
[Site "Montreal CAN"]
[Date "2013.10.11"]
[Round "1"]
[White "Bouchard, Jean-Marc"]
[Black "Nikulich, Oleksandr"]
[Result "0-1"]
[WhiteElo "1976"]
[BlackElo "2100"]
[PlyCount "60"]
[GameId "2160767909229214"]
[EventDate "2013.10.11"]
[EventType "swiss"]
[EventRounds "7"]
[EventCountry "CAN"]
[SourceTitle "hb 2013"]

1. Nf3 d5 2. g3 Nf6 3. Bg2 Bf5 4. d4 e6 5. O-O Bd6 6. c4 O-O 7. Nc3 c6 8. c5 Be7 9. b4 a5 10. b5 b6 11. cxb6 Qxb6 12. a4 Bb4 13. Qb3 Bxc3 14. Qxc3 cxb5 15. axb5 Qxb5 16. Ba3 Re8 17. Nh4 Ne4 18. Qe3 Nc6 19. Rfb1 Nb4 20. Bf1 Rac8 21. Nxf5 exf5 22. Bxb4 axb4 23. Qb3 Rb8 24. e3 Qc6 25. Ra6 Qc3 26. Qxd5 Qc2 27. Qa2 Qxa2 28. Rxa2 Nc3 29. Rab2 Nxb1 30. Rxb1 Rec8 0-1

[Event "Elite-ch POM"]
[Site "Montreal CAN"]
[Date "2013.10.11"]
[Round "1"]
[White "Corriveau, Philippe"]
[Black "Masse, Hugues"]
[Result "1/2-1/2"]
[WhiteElo "2031"]
[BlackElo "2188"]
[PlyCount "77"]
[GameId "2160767909229216"]
[EventDate "2013.10.11"]
[EventType "swiss"]
[EventRounds "7"]
[EventCountry "CAN"]
[SourceTitle "hb 2013"]

1. e4 c5 2. Nc3 d6 3. g3 g6 4. Bg2 Bg7 5. d3 Nc6 6. f4 e6 7. Nf3 Nge7 8. Be3 b6 9. d4 d5 10. e5 Nf5 11. Qd2 Na5 12. b3 cxd4 13. Nxd4 Nxd4 14. Bxd4 Ba6 15. Ne2 Rc8 16. Rc1 Nc6 17. Bb2 Bf8 18. O-O Bb4 19. c3 Bc5+ 20. Kh1 O-O 21. Rfd1 Rc7 22. b4 Be7 23. a4 Bc4 24. Re1 Qd7 25. Ra1 Rfc8 26. Nd4 Nxd4 27. Qxd4 Bb3 28. a5 b5 29. Ra3 Bc4 30. Bc1 a6 31. Be3 Rc6 32. Qd2 Bd8 33. Bd4 Bc7 34. g4 Bb8 35. Bh3 Ba7 36. f5 Bxd4 37. cxd4 Qe7 38. f6 Qf8 39. g5 1/2-1/2

[Event "Elite-ch POM"]
[Site "Montreal CAN"]
[Date "2013.10.11"]
[Round "1"]
[White "Sambuev, Bator"]
[Black "Gutierrez, Leonela"]
[Result "1-0"]
[WhiteElo "2575"]
[BlackElo "2079"]
[PlyCount "59"]
[GameId "2160767909229217"]
[EventDate "2013.10.11"]
[EventType "swiss"]
[EventRounds "7"]
[EventCountry "CAN"]
[SourceTitle "hb 2013"]

1. d4 Nf6 2. c4 g6 3. Nc3 Bg7 4. e4 d6 5. Nf3 O-O 6. Be2 e5 7. O-O Nc6 8. d5 Ne7 9. Ne1 Ne8 10. Be3 f5 11. f3 f4 12. Bf2 g5 13. c5 Rf7 14. a4 Bf8 15. cxd6 cxd6 16. Nb5 a6 17. Na3 g4 18. fxg4 Nf6 19. Bf3 Rg7 20. Nc4 Nxg4 21. Bb6 Qd7 22. Kh1 h5 23. Bg1 Qd8 24. a5 Ng6 25. Nb6 Qh4 26. Nxa8 Ne3 27. Qe2 Nxf1 28. Qxf1 Qg5 29. Rc1 Bg4 30. Nc7 1-0

[Event "Elite-ch POM"]
[Site "Montreal CAN"]
[Date "2013.10.11"]
[Round "1"]
[White "Zhou, Qiyu"]
[Black "Turcotte, Jonathan"]
[Result "1/2-1/2"]
[WhiteElo "2030"]
[BlackElo "2022"]
[PlyCount "89"]
[GameId "2160767909229218"]
[EventDate "2013.10.11"]
[EventType "swiss"]
[EventRounds "7"]
[EventCountry "CAN"]
[SourceTitle "hb 2013"]

1. e4 c6 2. d4 d5 3. e5 Bf5 4. Nf3 e6 5. Be2 c5 6. O-O Nc6 7. c3 Nge7 8. Be3 Bg4 9. Nbd2 Nf5 10. h3 Bxf3 11. Nxf3 cxd4 12. Bxd4 Be7 13. Qb3 Qd7 14. Rac1 O-O 15. Rfd1 Rfc8 16. Bd3 Nfxd4 17. cxd4 Na5 18. Qb5 Qxb5 19. Bxb5 Bd8 20. Kf1 a6 21. Bd3 b5 22. b3 Be7 23. Ke2 h6 24. Ne1 Ba3 25. Rxc8+ Rxc8 26. f4 Nc6 27. Nc2 Bb2 28. Ke3 f5 29. Rb1 Bc3 30. b4 g5 31. g3 Nb8 32. Rb3 Nd7 33. Bxf5 exf5 34. Kd3 gxf4 35. gxf4 Bxd4 36. Nxd4 Rc4 37. Ke3 Nf8 38. Nxf5 Ng6 39. Nxh6+ Kh7 40. Ng4 Nxf4 41. Kf3 Nxh3 42. Nf6+ Kg6 43. Nxd5 Ng5+ 44. Ke3 Kf5 45. Rc3 1/2-1/2

[Event "Elite-ch POM"]
[Site "Montreal CAN"]
[Date "2013.10.11"]
[Round "1"]
[White "Zhu, Hong Rui"]
[Black "Beaulieu, Eric"]
[Result "1-0"]
[WhiteElo "2070"]
[BlackElo "2239"]
[PlyCount "79"]
[GameId "2160767909229219"]
[EventDate "2013.10.11"]
[EventType "swiss"]
[EventRounds "7"]
[EventCountry "CAN"]
[SourceTitle "hb 2013"]

1. e4 e6 2. d4 d5 3. e5 c5 4. c3 Nc6 5. Nf3 Bd7 6. Be2 Nge7 7. O-O Ng6 8. g3 Be7 9. Re1 O-O 10. Bf1 Qb6 11. h4 f6 12. h5 Nh8 13. exf6 Bxf6 14. dxc5 Qxc5 15. Be3 Qd6 16. Nbd2 Nf7 17. Nb3 b6 18. Bg2 Rac8 19. Qd2 e5 20. Rad1 Ne7 21. Nh2 Be6 22. Qe2 Qd7 23. Rd2 Nd6 24. Rdd1 Qa4 25. Nc1 Rfd8 26. Bf3 Qc4 27. Bg4 Bxg4 28. Nxg4 Qxe2 29. Rxe2 Kf7 30. Nd3 Nc4 31. Bc1 e4 32. Nf4 Ne5 33. Nxe5+ Bxe5 34. Nh3 h6 35. f3 Ke6 36. fxe4 dxe4 37. Rde1 Rd3 38. Rxe4 Rxg3+ 39. Kf2 Rf8+ 40. Nf4+ 1-0

[Event "Elite-ch POM"]
[Site "Montreal CAN"]
[Date "2013.10.12"]
[Round "2"]
[White "Corriveau, Philippe"]
[Black "Zhou, Qiyu"]
[Result "1-0"]
[WhiteElo "2031"]
[BlackElo "2030"]
[PlyCount "139"]
[GameId "2160767909229220"]
[EventDate "2013.10.11"]
[EventType "swiss"]
[EventRounds "7"]
[EventCountry "CAN"]
[SourceTitle "hb 2013"]

1. e4 c5 2. Nc3 Nc6 3. g3 g6 4. Bg2 Bg7 5. d3 d6 6. f4 e6 7. Nf3 Nge7 8. O-O O-O 9. Be3 Nd4 10. e5 dxe5 11. Nxe5 Rb8 12. Ne4 b6 13. c3 Ndf5 14. Bf2 Bb7 15. Qe2 Qc7 16. Rad1 Rbd8 17. Ng5 Bxg2 18. Kxg2 Qb7+ 19. Kg1 Nd5 20. Nexf7 Rxf7 21. Qxe6 Qe7 22. Qxf7+ Qxf7 23. Nxf7 Kxf7 24. Rfe1 Re8 25. Rxe8 Kxe8 26. Re1+ Kd7 27. Kg2 Bf6 28. Kf3 Nd6 29. g4 c4 30. dxc4 Nxc4 31. Re2 Ne7 32. b3 Nd6 33. c4 Nc6 34. Rd2 Kc7 35. c5 bxc5 36. Bxc5 Nb5 37. h4 Ncd4+ 38. Bxd4 Nxd4+ 39. Ke4 Nb5 40. Rc2+ Kd7 41. h5 Nc3+ 42. Kf3 gxh5 43. gxh5 Ke6 44. Kg4 Nd5 45. Re2+ Kf7 46. Kf5 Bg7 47. Rd2 Ne7+ 48. Kg4 Bc3 49. Rd7 a5 50. Ra7 Kf6 51. Ra6+ Kf7 52. Ra7 Kf6 53. Ra6+ Kf7 54. Kg5 Nd5 55. Ra7+ Kg8 56. Rd7 Nf6 57. Rc7 Bb2 58. Ra7 Bc3 59. h6 Nd5 60. Kf5 Bb4 61. a3 Bc3 62. Rd7 Nf6 63. Rc7 Bd4 64. Ke6 Ne8 65. Re7 Nf6 66. Rg7+ Kh8 67. Rf7 Ng8 68. Rf8 Bc5 69. Rc8 Bxa3 70. Kf7 1-0

[Event "Elite-ch POM"]
[Site "Montreal CAN"]
[Date "2013.10.12"]
[Round "2"]
[White "Gutierrez, Leonela"]
[Black "Padjen, Zdenko"]
[Result "1-0"]
[WhiteElo "2079"]
[BlackElo "1998"]
[PlyCount "79"]
[GameId "2160767909229222"]
[EventDate "2013.10.11"]
[EventType "swiss"]
[EventRounds "7"]
[EventCountry "CAN"]
[SourceTitle "hb 2013"]

1. e4 c5 2. Nf3 g6 3. d4 Bg7 4. Nc3 cxd4 5. Nxd4 Nc6 6. Be3 Nf6 7. Bc4 O-O 8. Bb3 a5 9. a3 a4 10. Ba2 Qa5 11. O-O d6 12. h3 Bd7 13. Re1 b5 14. Nd5 Nxd5 15. exd5 Ne5 16. Bg5 Rfe8 17. Bd2 Qc7 18. Bc3 Nc4 19. Qf3 Rac8 20. Re4 e5 21. dxe6 fxe6 22. Qg3 d5 23. Qxc7 Rxc7 24. Re2 Kf7 25. Rae1 Rcc8 26. Nxe6 Bxc3 27. Ng5+ Kg7 28. Re7+ Rxe7 29. Rxe7+ Kf6 30. Rxd7 Bxb2 31. Rxd5 Nxa3 32. Nxh7+ Kg7 33. Rd7+ Kh6 34. f4 Bg7 35. Ng5 Rxc2 36. Bg8 Rc8 37. Nf7+ Kh5 38. Rd5+ Kh4 39. Kh2 Rc3 40. Rg5 1-0

[Event "Elite-ch POM"]
[Site "Montreal CAN"]
[Date "2013.10.12"]
[Round "2"]
[White "Luo, Zhao Yang"]
[Black "Yu, Zong Yang"]
[Result "0-1"]
[WhiteElo "2018"]
[BlackElo "2071"]
[PlyCount "54"]
[GameId "2160767909229223"]
[EventDate "2013.10.11"]
[EventType "swiss"]
[EventRounds "7"]
[EventCountry "CAN"]
[SourceTitle "hb 2013"]

1. d4 Nf6 2. Nf3 e6 3. e3 b6 4. Bd3 Bb7 5. O-O c5 6. b3 d5 7. Bb2 cxd4 8. exd4 Bd6 9. Re1 O-O 10. Nbd2 Nc6 11. a3 a5 12. Ne5 Rc8 13. c4 Ne7 14. Qe2 Rc7 15. Ndf3 Ne4 16. Bxe4 dxe4 17. Ng5 Bxe5 18. dxe5 Qd3 19. Qe3 Qxe3 20. Rxe3 Nf5 21. Re2 a4 22. Nxe4 axb3 23. Nd2 Rd8 24. Rc1 Rd3 25. Bc3 Rcd7 26. Nf1 Ba6 27. Re4 Rd1 0-1

[Event "Elite-ch POM"]
[Site "Montreal CAN"]
[Date "2013.10.12"]
[Round "2"]
[White "Masse, Hugues"]
[Black "Robichaud, Louis"]
[Result "1-0"]
[WhiteElo "2188"]
[BlackElo "2068"]
[PlyCount "79"]
[GameId "2160767909229224"]
[EventDate "2013.10.11"]
[EventType "swiss"]
[EventRounds "7"]
[EventCountry "CAN"]
[SourceTitle "EXT 2022"]
[Source "ChessBase"]
[SourceDate "2021.10.06"]
[SourceVersion "1"]
[SourceVersionDate "2021.10.06"]
[SourceQuality "1"]

1. d4 Nf6 2. c4 g6 3. g3 Bg7 4. Bg2 O-O 5. Nc3 d6 6. Nf3 Nbd7 7. O-O e5 8. e4 exd4 9. Nxd4 c6 10. h3 Re8 11. Be3 a5 12. Qc2 Nc5 13. Rad1 Qe7 14. Rfe1 Bd7 15. Bf4 Nh5 16. Nxc6 Bxc6 17. Bxd6 Qe6 18. Bxc5 Qxc4 19. Bd6 Rad8 20. e5 Bxg2 21. Kxg2 f6 22. exf6 Bxf6 23. Rxe8+ Rxe8 24. Qb3 Qxb3 25. axb3 Rc8 26. Nd5 Kf7 27. Nxf6 Nxf6 28. Re1 Rc6 29. Re7+ Kf8 30. Ba3 Kg8 31. Rxb7 Ne4 32. Re7 Nc5 33. b4 axb4 34. Bxb4 Na4 35. b3 Nb2 36. Rd7 Rb6 37. Bc3 Rxb3 38. Rg7+ Kf8 39. Bxb2 Rxb2 40. Rxh7 1-0

[Event "Elite-ch POM"]
[Site "Montreal CAN"]
[Date "2013.10.12"]
[Round "2"]
[White "Nikulich, Oleksandr"]
[Black "Sambuev, Bator"]
[Result "0-1"]
[WhiteElo "2100"]
[BlackElo "2575"]
[PlyCount "134"]
[GameId "2160767909229225"]
[EventDate "2013.10.11"]
[EventType "swiss"]
[EventRounds "7"]
[EventCountry "CAN"]
[SourceTitle "hb 2013"]

1. Nf3 Nf6 2. c4 g6 3. Nc3 Bg7 4. e4 d6 5. d4 O-O 6. g3 Bg4 7. Bg2 Nc6 8. h3 Bxf3 9. Bxf3 Nd7 10. Be3 e5 11. d5 Nd4 12. Bg2 c5 13. dxc6 bxc6 14. O-O Rb8 15. b3 Nc5 16. Rc1 a5 17. Ne2 a4 18. bxa4 Nxe2+ 19. Qxe2 Qa5 20. Rfd1 Rfd8 21. Qd2 Ra8 22. Qxa5 Rxa5 23. Rb1 Bf8 24. Bxc5 Rxc5 25. Bf1 Ra8 26. Rb7 Rca5 27. Bd3 c5 28. Rb2 Rxa4 29. Rdd2 Be7 30. h4 Kf8 31. Kf1 Ke8 32. Be2 R8a6 33. Ke1 Bd8 34. Kd1 Ba5 35. Rdc2 Bb4 36. Bg4 Ke7 37. Be2 Ra7 38. Bf1 Ra3 39. Kc1 Bc3 40. Rb8 Bd4 41. Bg2 Rxa2 42. Rb7+ Kf8 43. Rxa7 Rxa7 44. Kd1 Ke8 45. Ke2 Ra3 46. Bh3 Kd8 47. Bg4 Kc7 48. Bh3 Kb6 49. Bd7 Ka5 50. Bc6 Kb4 51. Bd5 Kb3 52. Rd2 Bc3 53. Rd3 Ra1 54. Rf3 f5 55. exf5 e4 56. Bxe4 Kxc4 57. Rf4 Be5 58. fxg6 hxg6 59. Rg4 d5 60. Bxg6+ d4 61. h5 Bh8 62. h6 Kc3 63. h7 c4 64. Bf7 Rh1 65. Rg8 d3+ 66. Kf3 d2 67. Rd8 Bd4 0-1